000 00878cpcaa2200241 4500
001 mm 79001195
003 DLC
005 20260227111634.0
008 790423|||||||||||| eng
010 _amm 79001195
040 _aDLC
_cDLC
_edacs
_dDLC
072 7 _aC
_2lcmd
100 1 _aDickinson, John,
_d1732-1808.
245 0 0 _aJohn Dickinson correspondence and order of payment,
_f1783-1787.
300 _a2
_fitems.
506 0 _aOpen to research.
545 0 _aPennsylvania delegate to U.S. Continental Congress.
546 _aCollection material in English.
580 _aForms part of: Miscellaneous Manuscripts collection.
656 7 _aDelegates, U.S. Continental Congress
_zPennsylvania.
_2itoamc
999 _c40650
_d40650